[Event "6th Open"]
[Site "La Fere FRA"]
[Date "2007.07.09"]
[Round "3"]
[White "Wolfangel,C"]
[Black "Sobry,S"]
[Result "0-1"]
[WhiteElo "1820"]
[BlackElo "2075"]

1.d4 Nf6 2.c4 e6 3.Nf3 b6 4.g3 Ba6 5.Qc2 Bb7 6.Bg2 Be7 7.O-O O-O 8.Nc3 d5
9.Ne5 c6 10.e3 Na6 11.a3 dxc4 12.Nxc4 Qc8 13.b4 Nc7 14.Ne5 Ncd5 15.Na4 Bd6
16.Bd2 Nd7 17.Nxd7 Qxd7 18.Rfc1 f5 19.e4 Ne7 20.Be3 f4 21.Bd2 Rad8 22.Qb3 Ng6
23.Bh3 Rde8 24.d5 cxd5 25.exd5 fxg3 26.hxg3 Qf7 27.Rf1 Bxd5 28.Qe3 Ne5 29.f4 Nc4
30.Qf2 Qg6 31.Qd4  0-1

[Event "Inautomarket Open"]
[Site "Minsk BLR"]
[Date "2007.07.10"]
[Round "1"]
[White "Sarichev,S"]
[Black "Maiorov,N"]
[Result "0-1"]
[WhiteElo "2146"]
[BlackElo "2487"]

1.d4 Nf6 2.c4 e6 3.Nf3 b6 4.g3 Ba6 5.Qa4 Bb7 6.Bg2 c5 7.O-O cxd4 8.Nxd4 Bxg2
9.Kxg2 a6 10.Nc3 Qc7 11.f3 Be7 12.Rd1 Ra7 13.Be3 O-O 14.Rac1 d6 15.Qb3 Nbd7
16.a4 Rb7 17.Qa2 Ne5 18.Nb1 Rc8 19.Bf2 Qb8 20.b3 Rbc7 21.Qb2 Qb7 22.h3 Nfd7
23.Nc3 Nc5 24.Qb1 h5 25.Kh2 Bf8 26.f4 Nc6 27.Nf3 g6 28.Ng5 Nb4 29.Bd4 e5
30.fxe5 dxe5 31.Bxe5 Re7 32.Bf6 Ree8 33.e4 Bh6 34.Nd5 Nxd5 35.cxd5 Bxg5 36.Bxg5 Nxe4
37.Rxc8 Qxc8 38.Bd2 Nc3  0-1

[Event "ch-SVK"]
[Site "Banska Stiavnica SVK"]
[Date "2007.07.11"]
[Round "5"]
[White "Meszaros,Mi"]
[Black "Petrik,T"]
[Result "1-0"]
[WhiteElo "2359"]
[BlackElo "2479"]

1.d4 e6 2.c4 Nf6 3.Nf3 b6 4.g3 Ba6 5.b3 b5 6.cxb5 Bxb5 7.Bg2 Bb4+ 8.Bd2 a5
9.Bxb4 axb4 10.Qd2 Nd5 11.e4 Nf6 12.Qxb4 Bd3 13.Nfd2 Nc6 14.Qc3 Ba6 15.Bf1 Qc8
16.Bc4 d5 17.exd5 exd5 18.Bxd5 Nb4 19.Bc4 Bb7 20.O-O Nfd5 21.Re1+ Kd8 22.Bxd5 Nxd5
23.Qc5 Qh3 24.f3 Ra6 25.Nc3 Nf4 26.gxf4 Rg6+ 27.Kf2 Rg2+ 28.Ke3 Qxh2 29.Nce4 Bxe4
30.Nxe4 Rc2 31.Qd5+ Ke7 32.Kd3  1-0

[Event "Lake Sevan"]
[Site "Martuni ARM"]
[Date "2007.07.11"]
[Round "6"]
[White "Grigoryan,Av"]
[Black "Melkumyan,H"]
[Result "0-1"]
[WhiteElo "2455"]
[BlackElo "2406"]

1.d4 Nf6 2.c4 e6 3.Nf3 b6 4.g3 Ba6 5.b3 Bb4+ 6.Bd2 Be7 7.Bg2 c6 8.O-O O-O
9.Qc2 d5 10.Rd1 Nbd7 11.Bf4 Qc8 12.Ne5 Nxe5 13.Bxe5 Nd7 14.Bf4 Bf6 15.e4 e5
16.dxe5 Nxe5 17.exd5 cxd5 18.Nc3 dxc4 19.Nd5 cxb3 20.Qxb3 Bc4 21.Nxf6+ gxf6
22.Qe3 Rb8 23.Bxe5 Re8 24.Qf4 Rxe5 25.Rd6 Be6 26.Rc1 Qf8 27.Rcd1 Kg7 28.h4 Rc8
29.Bf3 Rc4 30.Qd2 Qc8 31.Rd8 Rc2 32.Qf4 Qc5 33.R1d4 Re1+ 34.Kg2 Qe5 35.a4 Rg1+  0-1

[Event "Inautomarket Open"]
[Site "Minsk BLR"]
[Date "2007.07.12"]
[Round "3"]
[White "Miroshnichenko,E"]
[Black "Urjubdshzirov,E"]
[Result "1-0"]
[WhiteElo "2671"]
[BlackElo "2220"]

1.d4 Nf6 2.c4 e6 3.Nf3 b6 4.g3 Ba6 5.Qc2 Bb7 6.Bg2 c5 7.d5 exd5 8.cxd5 Bxd5
9.Nc3 Bb7 10.e4 d6 11.Bf4 b5 12.O-O-O Qb6 13.Rhe1 Nh5 14.Nd5 Bxd5 15.exd5+ Be7
16.Bg5 f6 17.Bd2 g6 18.g4 Ng7 19.Bh6 Rg8 20.Qe2 Qb7 21.Rd3 Kf7 22.Re3 Bd8
23.Ng5+ fxg5 24.Rf3+ Bf6 25.Rxf6+ Kxf6 26.Qf3+ Nf5 27.gxf5 g4 28.Re6+  1-0

[Event "Ladoga Summer"]
[Site "Novaya Ladoga RUS"]
[Date "2007.07.12"]
[Round "8"]
[White "Shalaev,N"]
[Black "Khuseinkhodzhaev,M"]
[Result "0-1"]
[WhiteElo "2124"]
[BlackElo "2310"]

1.d4 Nf6 2.Nf3 e6 3.c4 b6 4.g3 Ba6 5.Ne5 Bb7 6.f3 d6 7.Qa4+ c6 8.Nd3 d5 9.c5 Nbd7
10.b4 a5 11.Bg2 axb4 12.Qxb4 Ba6 13.Be3 Bxd3 14.exd3 Ra5 15.Bd2 Rb5 16.Qa4 bxc5
17.Na3 Rb6 18.Nc2 cxd4 19.Nxd4 Qc8 20.Rc1 Bc5 21.Nb3 Ra6 22.Qf4 Be7 23.a4 e5
24.Qg5 h6 25.Qe3 Rxa4 26.d4 Qb8 27.Rxc6 O-O 28.dxe5 Nxe5 29.Rb6 Qc7 30.Rb5 Nc4
31.Qc3 Qd7 32.Nd4 Nxd2 33.Qxd2 Rxd4 34.Qb2  0-1

[Event "Lake Sevan"]
[Site "Martuni ARM"]
[Date "2007.07.13"]
[Round "8"]
[White "Grigoryan,Av"]
[Black "Vovk,Y"]
[Result "1-0"]
[WhiteElo "2455"]
[BlackElo "2523"]

1.d4 Nf6 2.c4 e6 3.Nf3 b6 4.g3 Ba6 5.b3 d5 6.Bg2 Bb4+ 7.Bd2 Be7 8.cxd5 exd5
9.O-O O-O 10.Nc3 Bb7 11.Qc2 Na6 12.Rfd1 Re8 13.Ne5 c5 14.dxc5 bxc5 15.Bf4 Qc8
16.e3 h6 17.h4 Nb4 18.Qd2 d4 19.Bxb7 Qxb7 20.exd4 cxd4 21.Qxd4 Rac8 22.Rac1 g5
23.hxg5 Bc5 24.Qd2 hxg5 25.Bxg5 Rxe5 26.Bxf6 Rh5 27.Bh4 Qf3 28.Qe2 Qxe2 29.Nxe2 Nxa2
30.Rc4 Nb4 31.Nf4 Rf5 32.Rdc1 Rc6 33.Kg2 a5 34.Bd8 Rxf4 35.Rxf4 Nd3 36.Rfc4 Nxc1
37.Rxc1  1-0

[Event "Najdorf Mem GpA"]
[Site "Grodzisk Mazowiecki POL"]
[Date "2007.07.20"]
[Round "1"]
[White "Kludacz,M"]
[Black "Gasanov,E"]
[Result "0-1"]
[WhiteElo "2244"]
[BlackElo "2498"]

1.d4 Nf6 2.c4 e6 3.Nf3 b6 4.g3 Ba6 5.b3 Bb4+ 6.Bd2 Be7 7.Bg2 c6 8.Bc3 d5
9.Ne5 Nfd7 10.Nxd7 Nxd7 11.Nd2 O-O 12.O-O Rc8 13.e4 c5 14.exd5 exd5 15.dxc5 dxc4
16.c6 cxb3 17.Re1 Bb5 18.Bxg7 Kxg7 19.cxd7 Qxd7 20.Qxb3 Bf6 21.Rab1 Bd3 22.Rbc1 Qb5
23.Qd1 Be2 24.Qb3 Qxb3 25.Nxb3 Rxc1 26.Rxc1 Rd8 27.f4 a5 28.Kf2 Bb5 29.Bc6 Bxc6
30.Rxc6 a4 31.Nc1 Rd2+ 32.Ke3 Rxh2 33.Rxb6 Rc2 34.Nd3 Rxa2 35.Ne5 a3 36.Ra6 Ra1
37.Kf3 h5 38.Kg2 Be7 39.Ra7 Bc5 40.Rxf7+ Kg8 41.Rc7 Rg1+ 42.Kh2 a2 43.Rc8+ Kg7
44.Rc7+ Kf8 45.Nd7+ Ke8 46.Nf6+ Kd8  0-1

[Event "Sun Pawn B"]
[Site "Ilichevsk UKR"]
[Date "2007.07.20"]
[Round "1"]
[White "Bogdanovich,S"]
[Black "Martemianov,I"]
[Result "0-1"]
[WhiteElo "2217"]
[BlackElo "2333"]

1.d4 Nf6 2.c4 e6 3.Nf3 b6 4.g3 Ba6 5.b3 Bb4+ 6.Bd2 Be7 7.Nc3 c6 8.Bg2 d5
9.O-O O-O 10.Rc1 Nbd7 11.Nb1 Rc8 12.Re1 Ne4 13.Rc2 Ndf6 14.Qc1 c5 15.cxd5 Nxd5
16.a3 Ndf6 17.Be3 cxd4 18.Nxd4 Qd7 19.Rd1 Rfd8 20.Nd2 Bb7 21.Nxe4 Nxe4 22.Rd3 Nc5
23.Bxb7 Qxb7 24.Rdc3 Bf6 25.b4 Bxd4 26.Bxd4 Rxd4 27.bxc5 Qd5 28.Rd3 Rxd3
29.exd3 bxc5 30.Qe3 h6 31.h4 e5 32.Rc4 f5 33.Qc1 Rc6 34.h5 Kh7 35.Qc2 Kh8
36.Qc1 f4 37.Qc2 fxg3 38.fxg3 Rf6 39.Qe2 Rf3 40.Kh2 Rf5 41.Qe4 Qf7 42.Rxc5 Rf2+
43.Kg1 Rf1+  0-1

[Event "Najdorf Mem GpA"]
[Site "Grodzisk Mazowiecki POL"]
[Date "2007.07.21"]
[Round "2"]
[White "Ostrowski,P2"]
[Black "Szymanski,A2"]
[Result "1/2-1/2"]
[WhiteElo "2058"]
[BlackElo "2251"]

1.d4 Nf6 2.c4 e6 3.Nf3 b6 4.g3 Ba6 5.Qb3 Bb7 6.Bg2 c5 7.dxc5 Bxc5 8.O-O O-O
9.Nc3 Nc6 10.Qd1 Na5 11.b3 d5 12.cxd5 Nxd5 13.Bb2 Qe7 14.Nxd5 Bxd5 15.e3 Rac8
16.Qe2 Ba3 17.Rac1 Bxb2 18.Qxb2 Qb7 19.Nh4 Rfd8 20.Rxc8 Rxc8 21.Rc1  1/2-1/2

[Event "Siberia B"]
[Site "Novosibirsk RUS"]
[Date "2007.07.21"]
[Round "2"]
[White "Zaichenko,D"]
[Black "Danilyuk,O"]
[Result "0-1"]
[WhiteElo "2030"]
[BlackElo "2075"]

1.d4 Nf6 2.c4 e6 3.Nf3 b6 4.g3 Ba6 5.b3 Bb4+ 6.Bd2 Be7 7.Bg2 Bb7 8.O-O O-O
9.Nc3 c5 10.e3 Ne4 11.Nxe4 Bxe4 12.Bc3 Bf6 13.Qe2 Qc8 14.Rfd1 Qb7 15.Rac1 Be7
16.Ne1 Bxg2 17.Nxg2 cxd4 18.Bxd4 Nc6 19.Bc3 f5 20.Nf4 Bf6 21.Qb2 Bxc3 22.Qxc3 Qc7
23.Nd3 d6 24.f4 Rad8 25.Nf2 Ne7 26.Rd3 e5 27.Rcd1 e4 28.Rd4 Rf6 29.Nh3 a5
30.a3 Rdf8 31.Qd2 Nc8 32.Ng5 Qe7 33.b4 axb4 34.axb4 h6 35.Nh3 Qf7 36.Qe2 Re6
37.R1d2 Re7 38.Rd5 Ra7 39.Nf2 Ra4 40.b5 Qc7 41.R5d4 Qa7 42.Kg2 Rf7 43.Nd1 Ra3
44.Rd5 Kh7 45.Rc2 Qa5 46.Rdd2 Ra7 47.Qh5 g6 48.Qh4 Rd3 49.Rxd3 exd3 50.Rf2 Qe1
51.Rf1 Ra2+ 52.Nf2 Qxe3 53.Qd8 Qe6 54.Kg1 d2 55.Rd1 Rc2 56.Kg2 Ne7 57.Qxb6 Qxc4
58.Qxd6 Qd5+ 59.Qxd5 Nxd5 60.Kf3 Nc3 61.b6 Nxd1 62.Nxd1 Rc6 63.Ke2 Rxb6 64.Kxd2 Kg7
65.Ke3 Kf6 66.Nf2 Rb2 67.Kf3 g5 68.fxg5+ hxg5 69.h3 Rb3+ 70.Kg2 Ke5 71.h4 gxh4
72.gxh4 Kf4 73.h5 Kg5 74.Nh3+ Kxh5 75.Ng1 Kg4 76.Kf2 Rb2+  0-1

[Event "Czech Open GMA"]
[Site "Pardubice CZE"]
[Date "2007.07.21"]
[Round "2"]
[White "Laznicka,V"]
[Black "Chudinovskikh,A"]
[Result "1-0"]
[WhiteElo "2594"]
[BlackElo "2417"]

1.d4 Nf6 2.c4 e6 3.Nf3 b6 4.g3 Ba6 5.b3 Bb4+ 6.Bd2 Be7 7.Bg2 d5 8.cxd5 exd5
9.O-O O-O 10.Nc3 h6 11.Ne5 c5 12.dxc5 Bxc5 13.Bf4 Bb7 14.Qd3 Na6 15.Rad1 Re8
16.Nc4 Qe7 17.Ne3 Nb4 18.Qb1 Ne4 19.Bxe4 dxe4 20.a3 Bxe3 21.Bxe3 Na6 22.Qb2 Nc5
23.b4 Ne6 24.Nd5 Bxd5 25.Rxd5 Rad8 26.Rfd1 Rxd5 27.Rxd5 Rd8 28.Qe5 Rxd5 29.Qxd5 Nf8
30.Kg2 Kh7 31.h4 g6 32.a4 f5 33.h5 Qd7 34.Qa8 Ne6 35.hxg6+ Kxg6 36.a5 Ng5
37.axb6 axb6 38.Qa6 Kh5 39.Qxb6 Qd1 40.Qf6 Qd7 41.Kh2 Qb5 42.Bxg5 hxg5 43.Qg7 g4
44.Qb2 Kg6 45.Kg1 e3 46.fxe3 Qb8 47.Kf2 Qb7 48.b5 Qh1 49.Qe5 Qh2+ 50.Ke1 Qg1+
51.Kd2 Qb1 52.e4 fxe4 53.Ke3 Kh6 54.Qf6+ Kh7 55.Qh4+ Kg7 56.Qxg4+ Kh6 57.Qe6+ Kg7
58.Qd7+ Kh6 59.Qd6+ Kh5 60.b6 Kg4 61.Qf4+ Kh3 62.Qh4+  1-0

[Event "Lichtenstein Mem"]
[Site "Elkana ISR"]
[Date "2007.07.23"]
[Round "7"]
[White "Bykhovsky,Av"]
[Black "Lerner,K"]
[Result "1/2-1/2"]
[WhiteElo "2435"]
[BlackElo "2515"]

1.Nf3 Nf6 2.c4 b6 3.d4 e6 4.g3 Ba6 5.b3 b5 6.cxb5 Bxb5 7.Bg2 Bb4+ 8.Bd2 a5
9.a3 Be7 10.Nc3 Ba6 11.O-O d5 12.b4  1/2-1/2

[Event "33rd Open"]
[Site "Sitges ESP"]
[Date "2007.07.24"]
[Round "7"]
[White "Barsov,A"]
[Black "Czakon,J"]
[Result "0-1"]
[WhiteElo "2517"]
[BlackElo "2505"]

1.d4 Nf6 2.Nf3 e6 3.c4 b6 4.g3 Ba6 5.Nbd2 Bb4 6.Qc2 Bb7 7.Bg2 Be4 8.Qd1 O-O
9.O-O Bxd2 10.Qxd2 d6 11.b3 Nbd7 12.Bb2 Qe7 13.Rfd1 Rfd8 14.Bf1 h6 15.Ne1 Kh8
16.f3 Bh7 17.d5 e5 18.e4 Ng8 19.Bd3 Qf8 20.g4 Ne7 21.Ng2 c5 22.h4 h5 23.Rf1 Qe8
24.Rae1 f6 25.g5 Ng6 26.gxf6 gxf6 27.f4 exf4 28.Be2 Nge5 29.Nxf4 Bxe4 30.Bxh5 Qg8+
31.Kh2 Qh7 32.Rxe4 Qxe4 33.Ng6+ Kh7 34.Nxe5 Qxh4+ 35.Kg2 Nxe5 36.Qc2+ Kh8
37.Bxe5 Rg8+ 38.Bg6 Qg5+ 39.Bg3 Rxg6 40.Qd3 Re8 41.Rf3 Qg4 42.Kf2 Re4 43.Qf1 f5
44.Qh1+ Kg8 45.Qh2 Re7 46.Bxd6 Qd4+  0-1

[Event "XII Open"]
[Site "Balaguer ESP"]
[Date "2007.07.25"]
[Round "10"]
[White "Kohlweyer,B"]
[Black "Pogorelov,R"]
[Result "1/2-1/2"]
[WhiteElo "2405"]
[BlackElo "2453"]

1.d4 Nf6 2.c4 e6 3.Nf3 b6 4.g3 Ba6 5.Nbd2 Bb7 6.Bg2 Be7 7.O-O O-O 8.b3 c5
9.dxc5 bxc5 10.Bb2 Qb6 11.Qc2  1/2-1/2

[Event "Open NK"]
[Site "Dieren NED"]
[Date "2007.07.25"]
[Round "2"]
[White "Ikonnikov,Vy"]
[Black "Schoorl,R"]
[Result "1-0"]
[WhiteElo "2558"]
[BlackElo "2277"]

1.d4 Nf6 2.c4 e6 3.Nf3 b6 4.g3 Ba6 5.b3 Bb7 6.Bg2 Bb4+ 7.Bd2 a5 8.O-O O-O
9.Bf4 a4 10.bxa4 d6 11.Qb3 Na6 12.a3 Ba5 13.Bd2 Bxd2 14.Nbxd2 Nb8 15.c5 dxc5
16.dxc5 Nbd7 17.cxb6 cxb6 18.Nc4 Bc6 19.Rfc1 Bxa4 20.Qb2 b5 21.Nce5 Nxe5
22.Nxe5 Nd5 23.Nc6 Qd6 24.Qd4 Rac8 25.Bxd5 exd5 26.Qxd5 Qf6 27.Rab1 b4 28.Nxb4 Rxc1+
29.Rxc1 Qb2 30.Qc5 Qxa3 31.Rc3 Qb2 32.Nd5 Qb8 33.Nb6 Be8 34.Qb4 Bd7 35.Nd5 Qxb4
36.Nxb4 Be6 37.f3 h6 38.Nc6 Ra8 39.Nd4 Ra6 40.Kf2 g6 41.h4 Kg7 42.e4 h5 43.Ke3 Bh3
44.Kf4 Ra4 45.Nb5 Be6 46.Nc7 Bc4 47.Ne8+ Kf8 48.Nd6 Be6 49.Ke5 Kg7 50.Ne8+ Kf8
51.Nc7 Ba2 52.Kf6 Rc4 53.Nd5 Kg8 54.Ne7+ Kh7 55.Rxc4 Bxc4 56.f4 Bd3 57.e5 Bc4
58.e6 Bxe6 59.Nxg6 Bb3 60.Ne5 Kg8 61.f5 Kf8 62.Nd3 Bd1 63.Nf4 Bf3 64.Kg5 Ke7
65.Nxh5  1-0

[Event "MTO"]
[Site "Biel SUI"]
[Date "2007.07.26"]
[Round "4"]
[White "Kolbus,D"]
[Black "Palac,M"]
[Result "1/2-1/2"]
[WhiteElo "2384"]
[BlackElo "2570"]

1.d4 Nf6 2.c4 e6 3.Nf3 b6 4.g3 Ba6 5.Nbd2 Bb7 6.Bg2 Be7 7.O-O O-O 8.b3 c5
9.Bb2 d6 10.Rc1 Nbd7 11.Qc2 cxd4 12.Nxd4 Bxg2 13.Kxg2 Qc7 14.Kg1 Qb7 15.Qc3 Rac8  1/2-1/2

[Event "Open NK"]
[Site "Dieren NED"]
[Date "2007.07.28"]
[Round "5"]
[White "Bensdorp,M"]
[Black "Grooten,H"]
[Result "1-0"]
[WhiteElo "2238"]
[BlackElo "2370"]

1.d4 Nf6 2.c4 e6 3.Nf3 b6 4.g3 Ba6 5.Nbd2 Bb7 6.Bg2 c5 7.e4 cxd4 8.O-O d6
9.Nxd4 Nbd7 10.Re1 Qb8 11.a4 Be7 12.a5 bxa5 13.N2b3 Nc5 14.Nxc5 dxc5 15.Qa4+ Kf8
16.Nc6 Qc7 17.Nxa5 e5 18.Nxb7 Qxb7 19.Rd1 Qc7 20.Bg5 Bd6 21.Rd3 Ke7 22.Rad1 Rhd8
23.Bd2 Qb7 24.Bc3 Bc7 25.Qa3 Rxd3 26.Rxd3 Qb6 27.f3 Rd8 28.Rxd8 Kxd8 29.Bh3 Ke7
30.Qa4 g6 31.Kf2 h5 32.Ke3 a5 33.b3 g5 34.Bf5 g4 35.f4 exf4+ 36.gxf4 Kf8
37.Qb5 Ne8 38.Qxb6 Bxb6 39.e5 Ke7 40.Ke4 Nc7 41.Be1 Ne6 42.Bh4+ Ke8 43.Bxe6 fxe6
44.f5 Kf7 45.Bf2 Bd8 46.Bxc5 Bh4 47.Bg1 g3 48.c5 gxh2 49.Bxh2 Bf2 50.c6 Bb6
51.Kf4 Ke7 52.Kg5 h4 53.f6+ Kd8 54.f7 Bc5 55.Kf6 Kc7 56.Kg7 Kxc6 57.f8=Q Bxf8+
58.Kxf8 h3 59.Ke7 Kd5 60.Kf6 Ke4 61.Kxe6 Kf3 62.Kf5  1-0

[Event "IMA"]
[Site "Dimitrov RUS"]
[Date "2007.07.28"]
[Round "13"]
[White "Yaksin,O"]
[Black "Paikidze,N"]
[Result "1-0"]
[WhiteElo "2231"]
[BlackElo "2230"]

1.d4 Nf6 2.Nf3 e6 3.g3 b6 4.c4 Ba6 5.b3 Bb4+ 6.Bd2 Be7 7.Bg2 d5 8.Bc3 c6
9.Nbd2 O-O 10.O-O Nbd7 11.Qc2 Rc8 12.e4 dxe4 13.Nxe4 Nxe4 14.Qxe4 Nf6 15.Qe3 Qc7
16.Ne5 Bb7 17.Rad1 Rfd8 18.b4 Bd6 19.f4 c5 20.dxc5 bxc5 21.b5 Bxg2 22.Kxg2 Bxe5
23.fxe5 Nd7 24.Rd6 Qb7+ 25.Kg1 Nb6 26.Qg5 Re8 27.Qf4 Qe7 28.Rfd1 Rcd8 29.Ba5 Rxd6
30.exd6 Qd7 31.Bxb6 axb6 32.Qe4 Rd8 33.Qc6 Qa7 34.Qc7 Qb8 35.Qxb8 Rxb8 36.d7 Rd8
37.Rd6  1-0

[Event "IGM"]
[Site "Stara Pazova SRB"]
[Date "2007.07.29"]
[Round "6"]
[White "Abramovic,B"]
[Black "Kovacevic,A"]
[Result "1/2-1/2"]
[WhiteElo "2516"]
[BlackElo "2566"]

1.d4 Nf6 2.c4 e6 3.Nf3 b6 4.g3 Ba6 5.b3 d5 6.cxd5 Bb4+ 7.Bd2 Bxd2+ 8.Qxd2 Ne4
9.Qb2 exd5 10.Bg2 O-O 11.O-O Nd7 12.b4 c5 13.b5  1/2-1/2

[Event "MTO"]
[Site "Biel SUI"]
[Date "2007.07.31"]
[Round "8"]
[White "Socko,B"]
[Black "Swathi,G"]
[Result "1-0"]
[WhiteElo "2660"]
[BlackElo "2317"]

1.d4 Nf6 2.c4 e6 3.Nf3 b6 4.g3 Ba6 5.Nbd2 Bb4 6.Qc2 O-O 7.Bg2 d5 8.O-O Bb7
9.cxd5 exd5 10.Ne5 Bd6 11.Ndc4 Re8 12.Nxd6 cxd6 13.Nd3 Nc6 14.e3 Rc8 15.Qa4 Na5
16.Bd2 Nc4 17.Bc3 Ne4 18.Rfc1 a6 19.Be1 b5 20.Qd1 a5 21.Bh3 Ra8 22.a3 a4
23.b3 axb3 24.Qxb3 Bc6 25.Nb4 Qb6 26.Bg2 Qb7 27.Nd3 h6 28.Ra2 Ra6 29.Bb4 Rb8
30.Nf4 Qa7 31.Bf1 Qd7 32.Bd3 g5 33.Ng2 Nf6 34.Bb1 Qh3 35.f3 Re8 36.Qd3 Bd7
37.Re2 Qh5 38.h4 gxh4 39.Nxh4 Kh8 40.Kf2 Qg5 41.Rh1 Raa8 42.Ng2 Rg8 43.g4 Rae8
44.Kg1 Bxg4 45.fxg4 Re4 46.Be1 Nxg4 47.Rh3 Ngxe3 48.Rg3 Qxg3 49.Bxg3 Rxg3
50.Rf2 Rg5 51.Bc2 f5 52.Bd1 Nxg2 53.Rxg2 Re1+ 54.Kh2 Rxd1 55.Qxd1 Rxg2+ 56.Kh3 Ra2
57.Qb1 Rxa3+ 58.Kh4 Ne3 59.Qxb5 Ra7 60.Qe8+ Kg7 61.Qxe3 Rf7 62.Qf4 Rf6 63.Kg3 Kg6
64.Kf3 Re6 65.Qg3+ Kf7 66.Kf4 Kf6 67.Qg8 Re4+ 68.Kf3 Re6 69.Kg3 Ke7 70.Kf4  1-0

[Event "Open NK"]
[Site "Dieren NED"]
[Date "2007.08.02"]
[Round "9"]
[White "Bensdorp,M"]
[Black "Veltman,J"]
[Result "1-0"]
[WhiteElo "2238"]
[BlackElo "2137"]

1.d4 Nf6 2.c4 e6 3.Nf3 b6 4.g3 Ba6 5.Nbd2 d5 6.Bg2 Be7 7.O-O O-O 8.cxd5 exd5
9.Ne5 Bb7 10.b3 c5 11.Bb2 a5 12.Rc1 Na6 13.Qc2 a4 14.Rfd1 axb3 15.axb3 Nb4
16.Qf5 Qc7 17.Nf1 Ne4 18.dxc5 bxc5 19.Bxe4 dxe4 20.Rd7 Qc8 21.Ne3 Bf6 22.Rcd1 Ra2
23.Bc3 Rxe2 24.N3g4 Nd5 25.R1xd5  1-0

[Event "ch-Tula"]
[Site "Tula RUS"]
[Date "2007.08.04"]
[Round "2"]
[White "Zhavoronkov,E"]
[Black "Domogaev,S"]
[Result "0-1"]
[WhiteElo "2292"]
[BlackElo "2360"]

1.Nf3 Nf6 2.d4 e6 3.c4 b6 4.g3 Ba6 5.Qc2 c5 6.Bg2 Bb7 7.O-O Be7 8.Bg5 O-O
9.Nc3 d6 10.Rfd1 cxd4 11.Nxd4 Bxg2 12.Kxg2 Qc8 13.Qd3 Nbd7 14.f4 a6 15.Qf3 Re8
16.Rac1 Bf8 17.Bxf6 Nxf6 18.Ne4 Nxe4 19.Qxe4 e5 20.fxe5 Rxe5 21.Qf3 Qe8 22.Rc3 b5
23.cxb5 axb5 24.a3 g6 25.Rdd3 h5 26.Re3 Bh6 27.Rxe5 dxe5 28.Nc6 e4 29.Qf2 Bg7
30.Nd4 Qd7 31.e3 Re8 32.Rb3 Bxd4 33.exd4 Qd5 34.Qe3 Rd8 35.h4 Rd6 36.Rc3 Qxd4
37.Qxd4 Rxd4 38.Rb3 Rd5 39.Kf2 Rf5+ 40.Ke2 Kg7 41.Rb4 Rf3 42.Rxe4 Rb3 43.Re3 Rxb2+
44.Kf3 Kf6 45.Ke4 Ke6 46.Rd3 Rb1 47.Rf3 b4 48.Kd4 bxa3 49.Rxa3 Re1 50.Rf3 f6
51.Ra3 Re5 52.Rf3 Ra5 53.Re3+ Kd6 54.Rb3 Re5 55.Rb6+ Ke7 56.Ra6 Kf7 57.Rb6 Re1
58.Ra6 Re5 59.Rb6 g5 60.hxg5 Rxg5 61.Rb3 Re5 62.Rb6 Kg6 63.Ra6 Kf5 64.Ra3 Re4+
65.Kd5 Rg4 66.Rf3+ Kg5 67.Ke6 Re4+ 68.Kd5 f5 69.Ra3 Kg4 70.Rb3 Ra4 71.Ke5 f4
72.gxf4 Rxf4 73.Rb8 Ra4 74.Rh8 h4 75.Rh7 h3 76.Rg7+ Kf3 77.Rf7+ Kg3 78.Rg7+ Rg4  0-1

[Event "Open"]
[Site "Kavala GRE"]
[Date "2007.08.05"]
[Round "2"]
[White "Ivanisevic,I"]
[Black "Khukhashvili,S"]
[Result "1-0"]
[WhiteElo "2595"]
[BlackElo "2392"]

1.d4 Nf6 2.c4 e6 3.Nf3 b6 4.g3 Ba6 5.Nbd2 Bb7 6.Bg2 c5 7.e4 cxd4 8.Nxd4 Bc5
9.Nb5 a6 10.Nc3 O-O 11.O-O Qc7 12.a3 Rd8 13.b4 Bf8 14.Bb2 d6 15.Qe2 Nbd7
16.Rfc1 Rac8 17.Rab1 Re8 18.f4 Red8 19.Bf3 Qb8 20.a4 Ne8 21.Ba3 Qa7 22.Qf2 Qa8
23.Qe2 Rc7 24.Rc2 Rdc8 25.Kg2 Be7 26.Ra2 Bf6 27.Nd1 Nb8 28.Bb2 Bxb2 29.Rbxb2 Nd7
30.a5 bxa5 31.Rxa5 Nb6 32.Ne3 Nf6 33.Qd3 d5 34.exd5 exd5 35.c5 Nc4 36.Nexc4 dxc4
37.Nxc4 Rd8 38.Nd6 Bd5 39.Rba2 Bxf3+ 40.Qxf3 Qxf3+ 41.Kxf3 Nd5 42.Rxa6 Nxb4
43.Ra8 Rf8 44.Rxf8+ Kxf8 45.Re2 Re7 46.Rxe7 Kxe7 47.Ke4 Ke6 48.Kd4 f6 49.Kc4 Nc2
50.Kb5 g5 51.f5+ Ke5 52.Kb6 h5 53.c6 Ne3 54.c7 Nd5+ 55.Kc6 Ne7+ 56.Kd7 Nd5
57.Nc4+  1-0

[Event "Ave-Kontakt Cup IMC"]
[Site "Olomouc CZE"]
[Date "2007.08.05"]
[Round "6"]
[White "Schneider Zinner,H"]
[Black "Khamzin,O"]
[Result "1/2-1/2"]
[WhiteElo "2296"]
[BlackElo "2333"]

1.d4 Nf6 2.Nf3 e6 3.c4 b6 4.g3 Ba6 5.Qa4 Bb7 6.Bg2 c5 7.dxc5 bxc5 8.O-O Be7
9.Nc3 O-O 10.Rd1 d6 11.Bf4 Qb6 12.Rd2 Nc6 13.Bxd6 Bxd6 14.Rxd6 Qxb2 15.Rb1 Qxc3
16.Rxb7 Nd4 17.Qd1 Rad8 18.Rxd8 Rxd8 19.Nxd4 g6 20.Rxa7 Rxd4 21.Qb1 Kg7 22.h3 Qxc4
23.Qb8 Qb4 24.Qxb4  1/2-1/2

[Event "Scandinavian Chess Tournament"]
[Site "Taby SWE"]
[Date "2007.08.05"]
[Round "3"]
[White "Kockum,A"]
[Black "Astrom,R"]
[Result "0-1"]
[WhiteElo "2200"]
[BlackElo "2427"]

1.d4 Nf6 2.Nf3 e6 3.c4 b6 4.g3 Ba6 5.Qc2 Bb7 6.Bg2 c5 7.d5 exd5 8.cxd5 Bxd5
9.Nc3 Bxf3 10.Bxf3 Nc6 11.Bxc6 dxc6 12.Bg5 Be7 13.Rd1 Qc8 14.O-O Qe6 15.Rd3 O-O
16.Re3 Qh3 17.Bxf6 Bxf6 18.Qa4 Qd7 19.Rd1 Qc7 20.Red3 Rad8 21.Qe4 Rd4 22.Qf5 Rfd8
23.Kg2 h6 24.h4 Qe5 25.Qf3 Qe6 26.Re3 Qc8 27.Red3 Rxd3 28.Rxd3 Rxd3 29.Qxd3 Qe6
30.Qc2 Qc4 31.Kf1 b5 32.Qf5 Bxc3 33.bxc3 Qd5 34.Qc8+ Kh7 35.f3 a5 36.Qa8 a4
37.a3 h5 38.Kf2 Qd6 39.Qe8 Qf6 40.Qd7 g6 41.Qd2 Qe5 42.e4 Qe6 43.Kg2 Qc4
44.Qb2 Qb3 45.Qa1 b4 46.cxb4 cxb4 47.axb4 a3  0-1

[Event "ch-Tula"]
[Site "Tula RUS"]
[Date "2007.08.07"]
[Round "5"]
[White "Zhavoronkov,E"]
[Black "Chuiko,A"]
[Result "1-0"]
[WhiteElo "2292"]
[BlackElo "2452"]

1.Nf3 Nf6 2.d4 e6 3.c4 b6 4.g3 Ba6 5.Qc2 c5 6.Bg2 Nc6 7.dxc5 Bxc5 8.O-O Rc8
9.b3 d5 10.Rd1 b5 11.cxd5 Nb4 12.Qb2 Nc2 13.Nc3 Nxa1 14.dxe6 Qe7 15.exf7+ Qxf7
16.Qxa1 Bxf2+ 17.Kxf2 Rxc3 18.Kg1 Qc7 19.Ba3 Qb6+ 20.Rd4 Re3 21.Rd6 Qa5 22.Qc1 Rxe2
23.Qc6+ Kf7 24.Qxa6 Qxa6 25.Rxa6 Rd8 26.Rxa7+ Kg6 27.Bc5 Rd1+ 28.Bf1 Rc2
29.Ng5 Re2 30.Ra8 Ne8 31.a4 bxa4 32.bxa4 h6 33.Nf3 Kh7 34.Bf2 Nf6 35.Rd8 Rxf2
36.Rxd1 Rxf3 37.Ra1 Nd7 38.a5 Nc5 39.a6 Nxa6 40.Rxa6 Rc3 41.Rd6 Rc1 42.Kg2 Kg8
43.Rd7 Kf8 44.Bd3 Rc6 45.h4 Rb6 46.h5  1-0

[Event "Arctic Chess Challenge"]
[Site "Tromso NOR"]
[Date "2007.08.10"]
[Round "7"]
[White "Agdestein,S"]
[Black "Macieja,B"]
[Result "1/2-1/2"]
[WhiteElo "2582"]
[BlackElo "2596"]

1.d4 Nf6 2.c4 e6 3.Nf3 b6 4.g3 Ba6 5.b3 b5 6.cxb5 Bxb5 7.Bg2 d5 8.O-O Nbd7
9.Ba3 Bxa3 10.Nxa3 c6 11.Rc1 O-O 12.Rc2 a5 13.Ne5 Qb6 14.Nxb5 cxb5 15.Nxd7 Nxd7
16.Qd3 Rfc8 17.Rfc1 Rxc2 18.Rxc2 g6 19.e4 dxe4 20.Qxe4 Rd8 21.Rc6 Qb8 22.Qh4 Nf8
23.Qe7 Re8 24.Qc5 Nd7 25.Qg5 Kg7 26.Bf1 Nf6 27.Qxb5 Qxb5 28.Bxb5 Rd8 29.Rc5 Nd5
30.Kf1 Nb6 31.Rc6 Nd5 32.a3 Nf6 33.Ra6 Ne4 34.Rxa5 Nd2+ 35.Kg2 Nxb3 36.Ra7 Nxd4
37.Bd7 Rb8 38.a4 Kf6 39.Rc7 Rb2 40.Be8 Ke5 41.Rxf7 Rb8 42.Bd7 h6 43.h4 Kd6
44.Kh3 Ke5 45.f4+ Ke4 46.Re7 Kf3 47.Bxe6 Nxe6 48.Rxe6  1/2-1/2

[Event "Open"]
[Site "Callao PER"]
[Date "2007.08.11"]
[Round "4"]
[White "Fernandez,Dan USA"]
[Black "Mamani,U"]
[Result "1-0"]
[WhiteElo "2447"]
[BlackElo "2153"]

1.d4 Nf6 2.Nf3 e6 3.c4 b6 4.g3 Ba6 5.Nbd2 Bb7 6.Bg2 Be7 7.e4 Nxe4 8.Ne5 d5
9.Qa4+ Kf8 10.Nxe4 dxe4 11.Qc2 Qxd4 12.Bf4 g5 13.Rd1 Qc5 14.b4 Qxb4+ 15.Bd2 Qc5
16.Bc3 f6 17.Bxe4 Bxe4 18.Qxe4 c6 19.Ng4 Qf5 20.Nxf6 Bxf6 21.Qxf5 exf5 22.Bxf6 Rg8
23.h4 g4 24.O-O Kf7 25.Bg5 h5 26.f3 Kg7 27.fxg4 fxg4 28.Bf6+ Kh6 29.Rd6 Kh7
30.Be5  1-0

[Event "Open"]
[Site "Callao PER"]
[Date "2007.08.11"]
[Round "5"]
[White "Salazar,C"]
[Black "Caldas,W"]
[Result "1-0"]
[WhiteElo "2215"]
[BlackElo "2119"]

1.d4 Nf6 2.c4 e6 3.Nf3 b6 4.g3 Ba6 5.b3 d5 6.Bg2 dxc4 7.Ne5 Bb4+ 8.Kf1 Bd6
9.Nxc4 Nd5 10.e4 Ne7 11.Bb2 Nbc6 12.Nd2 O-O 13.Kg1 f5 14.e5 Bb4 15.Nf3 Nd5
16.Rc1 Bb7 17.Ne3 Nxe3 18.fxe3 Be7 19.Nd2 Na5 20.Bxb7 Nxb7 21.Qf3 Nc5 22.Qe2 Ne4
23.Nxe4 fxe4 24.Qc4 Qc8 25.Kg2 Bg5 26.Rhe1 Rf3 27.Rc3 Qf8 28.Qxe6+ Kh8 29.Rc2 Bxe3
30.Ree2 Bh6 31.Qg4 Qb4 32.Qxe4 Raf8 33.e6 Bg5 34.Rxc7 Be7 35.a3 Qd6 36.Rxe7  1-0

[Event "RC Sport Open"]
[Site "Ceska Trebova CZE"]
[Date "2007.08.11"]
[Round "2"]
[White "Cvek,R"]
[Black "Pacher,M"]
[Result "1/2-1/2"]
[WhiteElo "2548"]
[BlackElo "2255"]

1.d4 Nf6 2.Nf3 e6 3.c4 b6 4.g3 Ba6 5.Nbd2 Bb4 6.Qc2 Bb7 7.Bg2 Be4 8.Qb3 Bxd2+
9.Bxd2 O-O 10.O-O d6 11.Rfd1 Nbd7 12.Qe3 Qe7 13.Bc3 Rfe8 14.Bh3 Bf5 15.Bxf5 exf5
16.Qxe7 Rxe7 17.e3 Ne4 18.Be1 a5 19.Rac1 g6 20.b3 Ndf6 21.d5 Nc5 22.Nd4 Ng4
23.Nb5 Kf8 24.h3 Ne5 25.Bc3 f6 26.Kg2 Kf7 27.Bd4 g5 28.h4 f4 29.Bxe5 fxe5
30.hxg5 fxe3 31.Rf1 Kg6 32.fxe3 a4 33.Rf6+ Kg7 34.Rb1 Kg8 35.b4 Nd3 36.Nc3 Rae8
37.g6 hxg6 38.Rxg6+ Rg7 39.Rxg7+ Kxg7 40.Ra1 Nb2 41.Re1 Nxc4 42.Nd1 b5 43.Nc3 Nd2
44.Rc1  1/2-1/2